000 00489nam a2200193Ia 4500
005 20260429112148.0
008 260429s9999||||xx |||||||||||||| ||und||
020 _a9788131611197
041 _aEnglish
082 _a630.9
_bHUS
100 _aHusain, Majid
245 0 _aAgricultural geography /
_cMajid Husain
250 _a2nd ed.
260 _aJaipur :
_bRawat Publications,
_c2025.
300 _axxii, 426 p.; hb
650 _a Agriculture
650 _aGeography
942 _cTB
999 _c52668
_d52668